Welcome to CU Library Online Public Access Catalogue (OPAC)

dictionary of the later new testament and it development (Record no. 2620)

MARC details
000 -LEADER
fixed length control field 00473nam a22001697a 4500
005 - DATE AND TIME OF LATEST TRANSACTION
control field 20250117121810.0
008 - FIXED-LENGTH DATA ELEMENTS--GENERAL INFORMATION
fixed length control field 250117b |||||||| |||| 00| 0 eng d
020 ## - INTERNATIONAL STANDARD BOOK NUMBER
International Standard Book Number 9780851117515
050 ## - LIBRARY OF CONGRESS CALL NUMBER
Classification number REFBS 2625.D 53 DIC
Item number 1
100 ## - MAIN ENTRY--PERSONAL NAME
Personal name Martins,p. Ralph
245 ## - TITLE STATEMENT
Title dictionary of the later new testament and it development
260 ## - PUBLICATION, DISTRIBUTION, ETC.
Place of publication, distribution, etc. Illinois
Name of publisher, distributor, etc. Intervastity press
Date of publication, distribution, etc. 1997c
300 ## - PHYSICAL DESCRIPTION
Extent xxx,1289p
500 ## - GENERAL NOTE
General note index,
700 ## - ADDED ENTRY--PERSONAL NAME
Personal name Davis,H. Peter ed
942 ## - ADDED ENTRY ELEMENTS (KOHA)
Source of classification or shelving scheme Library of Congress Classification
Koha item type Books
Suppress in OPAC No
999 ## -
-- 2620
-- 2620
Holdings
Withdrawn status Lost status Source of classification or shelving scheme Damaged status Not for loan Collection Home library Current library Shelving location Date acquired Total checkouts Full call number Date last seen Copy number Price effective from Koha item type
    Library of Congress Classification     Non-fiction Graduate Library (Christ Temple) Graduate Library (Christ Temple) Reference 01/17/2025   REF 2625.D53 DIC 01/17/2025 1 01/17/2025 Books
© 2023-2024 Copyright: Central University Libraries. All Rights Reserved | Created by: Mahone Tech Office